| 000 | 01194cab a2200241 4500 | ||
|---|---|---|---|
| 001 | E84235 | ||
| 008 | 090401t1996 xxu||||| |||| 00| 0 eng d | ||
| 035 | _a(Sirsi) u78626 | ||
| 041 | _aeng | ||
| 245 | _aTrustees for the Proprietors of Halistra Common Grazings v Lambert and another | ||
| 260 | _c1996 | ||
| 350 | _a0 | ||
| 490 |
_aScottish Land Court Reports _v1996 SLCR 80-102(23) |
||
| 520 | _aFull Court. Application Skye and Lochalsh RN 496 - order of 30 May 1996. Croft - common grazings - conveyance of parts, privileges and pertinents of a croft creating a servitude of pasture over common grazings - purported relet of common grazings to former crofters invalid - apportionment - shareholders - owner-occupiers with rights of grazings - no crofter with shares in common grazings - whether one shareholder entitled to an apportionment. Section 47(10) pf the Crofters (Scotland) Act 1993. | ||
| 650 | _aCOMMON GRAZINGS | ||
| 650 | _aCROFTERS (SCOTLAND) ACT 1993 | ||
| 650 | _aCROFTERS (SCOTLAND) ACT 1993, S.47(10) | ||
| 650 | _aSCOTTISH LAND COURT | ||
| 650 | _aSLC | ||
| 690 | _aLANDLORD AND TENANT-CASE LAW-AGRICULTURAL TENANCIES | ||
| 942 | _n0 | ||
| 948 | _c29/05/1997 | ||
| 999 |
_c49447 _d49447 |
||